Sistema de gestión de la energía, mediante la metodología ISO 50001:2011, (Registro nro. 2463)
[ vista simple ]
| 000 -LEADER | |
|---|---|
| campo de control de longitud fija | 02524nam a22003617a 4500 |
| 001 - NÚMERO DE CONTROL | |
| campo de control | 42835 |
| 003 - IDENTIFICADOR DE NÚMERO DE CONTROL | |
| campo de control | gtgccic |
| 005 - FECHA Y HORA DE LA ÚLTIMA TRANSACCIÓN | |
| campo de control | 20251029123420.0 |
| 007 - CAMPO FIJO DE DESCRIPCIÓN FÍSICA--INFORMACIÓN GENERAL | |
| campo de control de longitud fija | ta |
| 008 - DATOS DE LONGITUD FIJA--INFORMACIÓN GENERAL | |
| campo de control de longitud fija | 251029b gt ||||| |||| 00| 0 spa d |
| 040 ## - FUENTE DE CATALOGACIÓN | |
| Centro catalogador/agencia de origen | gtgccic |
| Lengua de catalogación | spa |
| Centro/agencia transcriptor | gtgccic |
| Normas de descripción | rda |
| 084 ## - OTRO NÚMERO DE CLASIFICACIÓN | |
| Número de control del registro de autoridad o número normalizado | TPI-15-0092 |
| 100 10 - ENTRADA PRINCIPAL--NOMBRE DE PERSONA | |
| Nombre de persona | Mario René López De León |
| Fechas asociadas al nombre | Arquitecto |
| Término indicativo de función/relación | autor |
| 245 10 - MENCIÓN DEL TÍTULO | |
| Título | Sistema de gestión de la energía, mediante la metodología ISO 50001:2011, |
| Resto del título | para la Ciudad Universitaria, zona 12, Universidad de San Carlos de Guatemala / |
| Mención de responsabilidad, etc. | López De León, Mario René |
| 264 ## - PRODUCCIÓN, PUBLICACIÓN, DISTRIBUCIÓN, FABRICACIÓN Y COPYRIGHT | |
| Producción, publicación, distribución, fabricación y copyright | Guatemala, Guatemala : |
| Nombre del de productor, editor, distribuidor, fabricante | USAC, Facultad de Ingeniería ; |
| Fecha de producción, publicación, distribución, fabricación o copyright | 2015.- |
| 300 ## - DESCRIPCIÓN FÍSICA | |
| Extensión | xxx, 136 p. : |
| Otras características físicas | il. ; |
| Dimensiones | 27 cm |
| 336 ## - TIPO DE CONTENIDO | |
| Fuente | rdacontenido |
| Término de tipo de contenido | Texto |
| Código de tipo de contenido | txt |
| 337 ## - TIPO DE MEDIO | |
| Fuente | rdamedio |
| Nombre/término del tipo de medio | sin mediación |
| Código del tipo de medio | n |
| 338 ## - TIPO DE SOPORTE | |
| Fuente | rdasoporte |
| Nombre/término del tipo de soporte | volumen |
| Código del tipo de soporte | nc |
| 502 ## - NOTA DE TESIS | |
| Nota de tesis | Tesis Postgrado |
| Tipo de título | MAESTRO EN ENERGÍA Y AMBIENTE |
| Nombre de la institución que otorga el título | USAC, Facultad de Ingeniería, Escuela de Postgrado |
| Año de obtención del título | 2015 |
| Identificador de la tesis | TPI-15-0092 |
| 504 ## - NOTA DE BIBLIOGRAFÍA, ETC. | |
| Nota de bibliografía, etc. Nota | Bibliografía pag. 129 |
| 505 ## - NOTA DE CONTENIDO CON FORMATO | |
| Título | 1. MARCO TEÓRICO (panorama mundial ambiental y energético) |
| 505 ## - NOTA DE CONTENIDO CON FORMATO | |
| Título | 2. LINEAMIENTOS DEL SGEn |
| 505 ## - NOTA DE CONTENIDO CON FORMATO | |
| Título | 3. DISEÑO DEL SISTEMA DE GESTIÓN DE LA ENERGÍA |
| 505 ## - NOTA DE CONTENIDO CON FORMATO | |
| Título | 4. PRESENTACIÓN DE RESULTADOS |
| 505 ## - NOTA DE CONTENIDO CON FORMATO | |
| Título | 5. DISCUSIÓN DE RESULTADOS |
| 520 #3 - RESUMEN, ETC. | |
| Sumario, etc. | El cambio climático se ha incrementado en los últimos años, debido al aumento de las emisiones de gases de efecto invernadero (GEI); asimismo, los últimos informes del IPCC señalan que los edificios representan un porcentaje elevado de las mismas, por lo tanto, muchos países están promoviendo la eficiencia energética y sistemas de gestión de la energía en los edificios como una medida de mitigación al cambio climático, gracias a la reducción de las emisiones de GEI asociadas al consumo energético. Un Sistema de Gestión de la Energía permitirá a la Universidad de San Carlos de Guatemala, conocer las oportunidades de ahorro mediante el uso eficiente de la energía, a través de una revisión energética de las Unidades Académicas que conforman el Campus Central, la revisión energética servirá como base para la planificación del SGEn, el cual presenta los lineamientos y recomendaciones que permitirán a la Universidad reducir sus costos de operación relacionados al consumo de energía eléctrica y, a su vez, reducir las emisiones de GEI. derivadas del consumo de energía. |
| 650 ## - PUNTO DE ACCESO ADICIONAL DE MATERIA--TÉRMINO DE MATERIA | |
| Término de materia o nombre geográfico como elemento de entrada | ENERGÍA ELÉCTRICA |
| 650 ## - PUNTO DE ACCESO ADICIONAL DE MATERIA--TÉRMINO DE MATERIA | |
| Término de materia o nombre geográfico como elemento de entrada | NORMAS |
| 700 ## - ENTRADA AGREGADA--NOMBRE PERSONAL | |
| Nombre de persona | MA. INGA. AGR. Mariaé Gracía Zamora |
| Término indicativo de función/relación | asesor |
| 942 ## - ELEMENTOS DE ENTRADA SECUNDARIOS (KOHA) | |
| Fuente de la clasificación o esquema de estantería | Clasificación Decimal Dewey |
| Tipo de ítem Koha | TESISPOSTGRADO |
| 945 ## - PROCESAMIENTO DE INFORMACIÓN LOCAL (OCLC) | |
| a | amlo |
| Estatus retirado | Estado de pérdida | Fuente de la clasificación o esquema de estantería | Estado de daño | No para préstamo | Biblioteca de origen | Biblioteca actual | Fecha de adquisición | Número de inventario | Total de préstamos | Signatura topográfica completa | Código de barras | Visto por última vez | Precio de reemplazo | Tipo de ítem Koha | Nota pública |
|---|---|---|---|---|---|---|---|---|---|---|---|---|---|---|---|
| Clasificación Decimal Dewey | CENTRO DE INFORMACIÓN A LA CONSTRUCCIÓN-CICON | CENTRO DE INFORMACIÓN A LA CONSTRUCCIÓN-CICON | 29/10/2025 | P20150092 | TPI-15-0092 | 20150092 | 29/10/2025 | 29/10/2025 | TESISPOSTGRADO | disponible |